|
|
|
|
| LEADER |
00000naa a2200000uu 4500 |
| 001 |
vtls011076227 |
| 003 |
SK-MaSNL |
| 005 |
20260302111712.0 |
| 008 |
220810|2003 xo |||||||||||||||||cze| |
| 015 |
|
|
|a SNBRA
|
| 035 |
|
|
|a (urnnbn)urn:nbn:sk:snk:ar-a0ceox
|
| 035 |
|
|
|a (uuid)ad6c11e0-70c6-42ec-8d9c-d8103a840cc6
|
| 035 |
|
|
|a urn:nbn:sk:snk-aavktt
|
| 040 |
|
|
|a SNKBUCL
|b slo
|c SNKBUCL
|e AACR2
|
| 041 |
0 |
|
|a cze
|
| 044 |
|
|
|a xo
|c SK
|
| 100 |
1 |
|
|a Gottwaldová, Pavlína
|4 aut
|9 776028
|
| 245 |
1 |
0 |
|a MOŽNOSTI VYUŽITÍ NĚKTERÝCH PLANÝCH DRUHŮ Z ČELEDI FABACEAE VE ŠLECHTITELSKÝCH PROGRAMECH
|c Pavlína GOTTWALDOVÁ, Jan PELIKÁN, Tomáš VYMYSLICKÝ
|
| 246 |
3 |
|
|a THE FACILITIES OF USE OF SOME SPECIES OF WH.D FLORA OF THE FAMILY FABACEAE IN BREEDING PROGRAMMES
|
| 700 |
1 |
|
|a Pelikán, Jan
|4 aut
|9 346849
|
| 700 |
1 |
|
|a Vymyslický, Tomáš
|4 aut
|9 783565
|
| 773 |
0 |
|
|t Nové poznatky z genetiky a šľachtenia poľnohospodárskych rastlín
|d Piešťany : Výskumný ústav rastlinnej výroby, 2003
|g S. 70-74
|z 8088790298
|
| 954 |
|
|
|a odborná, vedecká literatúra cudzojazyčná (svetová)
|2 lita
|
| 958 |
|
|
|a OND
|
| 958 |
|
|
|a article12
|
| 958 |
|
|
|a chapter
|
| 999 |
|
|
|c 1248639
|d 1250569
|